000 00696cam a22002651 4500
001 sa 66000920
003 DLC
005 20260227112218.0
008 890831s1962 pk b 000 0 urdr
010 _asa 66000920
035 _a(OCoLC)20285756
040 _aDLC
_cWaU
_dDLC
042 _apremarc
050 0 0 _aBP50
_b.M8
100 0 _aMuḥammad Ismāʼīl Pānīpatī,
_d1893-
245 1 0 _aTārīk̲h̲-i ishāʻat-i Islām.
260 _c1962.
300 _a19, 588 p.
_c25 cm.
500 _aIn Urdu.
500 _aText partially vocalized.
504 _aBibliography : p. 585-588.
650 0 _aIslam
_xHistory.
650 0 _aMuslim converts.
740 0 _aIshāʻat-i Islām.
999 _c67506
_d67506